Moving envelopes of stars (Record no. 1937)

MARC details
000 -LEADER
fixed length control field 00565nam a2200181Ia 4500
003 - CONTROL NUMBER IDENTIFIER
control field IN-BaIIA
008 - FIXED-LENGTH DATA ELEMENTS--GENERAL INFORMATION
fixed length control field 211028s9999 xx 000 0 eng d
040 ## - CATALOGING SOURCE
Transcribing agency IIA Library
080 ## - UNIVERSAL DECIMAL CLASSIFICATION NUMBER
Universal Decimal Classification number 524.3
Item number SOB
100 ## - MAIN ENTRY--PERSONAL NAME
Personal name Sobolev, V. V.
9 (RLIN) 3684
245 #0 - TITLE STATEMENT
Title Moving envelopes of stars
Statement of responsibility, etc. V. V. Sobolev
260 ## - PUBLICATION, DISTRIBUTION, ETC.
Place of publication, distribution, etc. Cambridge
Name of publisher, distributor, etc. Harvard University Press
Date of publication, distribution, etc. 1960
300 ## - PHYSICAL DESCRIPTION
Extent xiv, 106p.
650 ## - SUBJECT ADDED ENTRY--TOPICAL TERM
Topical term or geographic name entry element Astronomy and astrophysics thesaurus
650 ## - SUBJECT ADDED ENTRY--TOPICAL TERM
Topical term or geographic name entry element Circumstellar envelopes
9 (RLIN) 3685
650 ## - SUBJECT ADDED ENTRY--TOPICAL TERM
Topical term or geographic name entry element Stellar envelopes
9 (RLIN) 3686
942 ## - ADDED ENTRY ELEMENTS (KOHA)
Koha item type Books
Holdings
Withdrawn status Lost status Damaged status Not for loan Home library Current library Shelving location Date acquired Cost, normal purchase price Total Checkouts Full call number Barcode Date last seen Cost, replacement price Price effective from Koha item type Purchase Price
        IIA Library-Bangalore IIA Library-Bangalore General Stacks   21.37   524.3/ SOB 2129 05/11/2021 21.37   Books Rs. 21.37

Powered by Koha